[Event "2. Bundesliga Mitte 2010/11"]
[Site "Wolfsberg"]
[Date "2011.04.09"]
[Round "10"]
[Board "6"]
[White "Schriebl, Alexander"]
[Black "Arztmann, Wolfgang"]
[Result "0-1"]
[WhiteElo "2072"]
[BlackElo "2164"]
[PlyCount "116"]
[EventDate "2010.10.16"]
[EventType "team"]
[EventRounds "11"]
[EventCountry "AUT"]
[WhiteTeam "UNION Styria Graz Kleine Zeitung"]
[BlackTeam "SV Raika Rapid Feffernitz"]

1.d4 d6 2.Nf3 g6 3.c4 Nf6 4.Nc3 Bg7 5.g3 O-O 6.Bg2 Nc6 7.d5 Na5 8.Qd3 c5 9.O-O
a6 10.Bd2 Rb8 11.Rab1 b5 12.cxb5 c4 13.Qc2 axb5 14.b4 cxb3 15.axb3 b4 16.Ne4
Nxe4 17.Qxe4 Bf5 18.Qh4 Bxb1 19.Rxb1 e5 20.dxe6 Qxh4 21.exf7+ Rxf7 22.Nxh4 Rb5
23.Bh3 Re7 24.Bf4 Be5 25.Bg5 Rc7 26.Be6+ Kg7 27.Bd8 Ra7 28.Rd1 Nc6 29.Bc4 Rb8
30.Bg5 Ra1 31.Rxa1 Bxa1 32.Nf3 Ne5 33.Nxe5 dxe5 34.Be7 Bc3 35.e4 Rb7 36.Bg5 Rc7
37.Bd5 Ra7 38.Be3 Bd4 39.Bd2 Bc5 40.Kg2 Ra2 41.Be1 Kf6 42.h3 h6 43.Kf3 Ke7 44.h4
Rb2 45.Bc4 Kf6 46.Bd5 Rc2 47.g4 g5 48.h5 Ke7 49.Bg8 Kd6 50.Bf7 Kc6 51.Be8+ Kb6
52.Bf7 Kb5 53.Be8+ Ka5 54.Bf7 Bd4 55.Bc4 Rxc4 56.bxc4 Ka4 57.Ke2 b3 58.Kd1 Ka3 0-1

[Event "2. Bundesliga Mitte 2010/11"]
[Site "Wolfsberg"]
[Date "2011.04.09"]
[Round "10"]
[Board "1"]
[White "Horvath, Jozsef"]
[Black "Galyas, Miklos"]
[Result "1-0"]
[WhiteElo "2560"]
[BlackElo "2484"]
[PlyCount "125"]
[EventDate "2010.10.16"]
[EventType "team"]
[EventRounds "11"]
[EventCountry "AUT"]
[WhiteTeam "SC Die Klagenfurter"]
[BlackTeam "ASK St. Valentin"]

1.Nf3 d5 2.d4 Nf6 3.c4 c6 4.Qb3 dxc4 5.Qxc4 Bg4 6.Nbd2 e6 7.g3 Nbd7 8.Bg2 Be7
9.O-O O-O 10.Qb3 Nb6 11.e3 Bh5 12.Ne5 Nfd7 13.Nd3 Bg4 14.Qc2 Nf6 15.Nb3 Bf5
16.Qe2 h6 17.Nbc5 Qc8 18.e4 Bh7 19.Bf4 Rd8 20.Nb3 Ne8 21.Rfd1 Bd6 22.Bd2 Bf8
23.a4 f5 24.f3 Nf6 25.Bc3 Kh8 26.Ne5 Re8 27.a5 Nbd7 28.a6 b6 29.Nd2 b5 30.Nb3
fxe4 31.Nxd7 exf3 32.Qxf3 Qxd7 33.Qxc6 Rac8 34.Qxd7 Nxd7 35.Na5 b4 36.Be1 Nb8
37.Rd2 Rc7 38.Nb7 Nd7 39.Bf2 b3 40.d5 Rc2 41.dxe6 Rxd2 42.exd7 Rxd7 43.Bc6 Rd2
44.Bxe8 Rxb2 45.Rf1 Ra2 46.Bxa7 Be7 47.Bf7 Rxa6 48.Bd4 Ra4 49.Bb2 Ra2 50.Rf2 Ra7
51.Bd5 Bg8 52.Be4 Be6 53.Rd2 Bg5 54.Re2 Bc4 55.Re1 Ra2 56.Nd6 Bd2 57.Ra1 Be3+
58.Kh1 Be6 59.Rb1 Ra4 60.Rf1 Kg8 61.Re1 Bc5 62.Bf3 Bd7 63.Re7 1-0

[Event "2. Bundesliga Mitte 2010/11"]
[Site "Wolfsberg"]
[Date "2011.04.09"]
[Round "10"]
[Board "2"]
[White "Sandhoefner, Florian"]
[Black "Pilaj, Herwig"]
[Result "0-1"]
[WhiteElo "2243"]
[BlackElo "2349"]
[PlyCount "38"]
[EventDate "2010.10.16"]
[EventType "team"]
[EventRounds "11"]
[EventCountry "AUT"]
[WhiteTeam "ASK St. Valentin"]
[BlackTeam "SC Die Klagenfurter"]

1.e4 c5 2.Nf3 e6 3.d4 cxd4 4.Nxd4 a6 5.Nc3 b5 6.Bd3 Bb7 7.O-O d6 8.Be3 Nf6 9.a3
Nbd7 10.f4 Be7 11.Qf3 Rc8 12.Rae1 Nc5 13.g4 g6 14.g5 Nfd7 15.Qg3 e5 16.Nf3 exf4
17.Bxf4 O-O 18.Bxd6 Nxd3 19.cxd3 Qb6+ 0-1

[Event "2. Bundesliga Mitte 2010/11"]
[Site "Wolfsberg"]
[Date "2011.04.09"]
[Round "10"]
[Board "3"]
[White "Genser, Harald"]
[Black "Kranzl, Peter"]
[Result "1/2-1/2"]
[WhiteElo "2281"]
[BlackElo "2256"]
[PlyCount "90"]
[EventDate "2010.10.16"]
[EventType "team"]
[EventRounds "11"]
[EventCountry "AUT"]
[WhiteTeam "SC Die Klagenfurter"]
[BlackTeam "ASK St. Valentin"]

1.Nf3 Nf6 2.c4 g6 3.Nc3 Bg7 4.e4 d6 5.d4 O-O 6.Be2 Nbd7 7.O-O e5 8.Re1 exd4
9.Nxd4 Re8 10.f3 c6 11.Kh1 d5 12.cxd5 cxd5 13.Ndb5 dxe4 14.Nd6 Rf8 15.Ncxe4 Nxe4
16.Nxe4 Qb6 17.Bc4 Ne5 18.Be3 Qc7 19.Bd5 Rd8 20.Qb3 h6 21.Rad1 Bf5 22.Qxb7 Qxb7
23.Bxb7 Rxd1 24.Rxd1 Rb8 25.Bd5 Rxb2 26.Bd4 Rc2 27.Bxa7 Be6 28.Bxe6 fxe6 29.a3
Nc4 30.Bc5 Ra2 31.Rd8+ Kf7 32.Rd7+ Kg8 33.g3 Bb2 34.h4 Nxa3 35.Rd8+ Kf7 36.Rf8+
Kg7 37.Ra8 Ra1+ 38.Kg2 Nc2 39.Bf8+ Kh7 40.Rxa1 Bxa1 41.Nc5 Nd4 42.Nd3 Nf5 43.Nc5
Kg8 44.Bxh6 Nxh6 45.Nxe6 Nf5 1/2-1/2

[Event "2. Bundesliga Mitte 2010/11"]
[Site "Wolfsberg"]
[Date "2011.04.09"]
[Round "10"]
[Board "4"]
[White "Tober, Gerhard"]
[Black "Petschar, Kurt"]
[Result "0-1"]
[WhiteElo "2284"]
[BlackElo "2304"]
[PlyCount "99"]
[EventDate "2010.10.16"]
[EventType "team"]
[EventRounds "11"]
[EventCountry "AUT"]
[WhiteTeam "ASK St. Valentin"]
[BlackTeam "SC Die Klagenfurter"]

1.e4 e5 2.Nf3 Nc6 3.d4 exd4 4.Nxd4 Nf6 5.Nxc6 bxc6 6.Nc3 Bb4 7.Bd3 d5 8.exd5
Qe7+ 9.Be3 Ng4 10.Qf3 Nxe3 11.fxe3 cxd5 12.O-O c6 13.Ne2 O-O 14.Nd4 Bd7 15.c3
Bd6 16.Rae1 Qe5 17.g3 Rab8 18.b3 c5 19.Ne2 Bc6 20.Bb1 Ba8 21.Nf4 Rbd8 22.e4 d4
23.c4 Rde8 24.Nd3 Qg5 25.Qf5 Qxf5 26.exf5 Bc6 27.Rxe8 Rxe8 28.Re1 Rxe1+ 29.Nxe1
Kf8 30.Kf2 Ke7 31.h3 h5 32.Bd3 Kf6 33.Be2 Be4 34.Bxh5 Bxf5 35.h4 Bb1 36.a3 d3
37.Nf3 g6 38.Bg4 Bc2 39.Nd2 Ke5 40.Ke3 f5 41.Bh3 Kf6 42.g4 fxg4 43.Bxg4 Bf8
44.Ne4+ Ke5 45.Ng5 a5 46.Bh3 Bh6 47.Bf1 Kf6 48.Bxd3 Bxd3 49.Kxd3 Bxg5 50.Ke4 0-1

[Event "2. Bundesliga Mitte 2010/11"]
[Site "Wolfsberg"]
[Date "2011.04.09"]
[Round "10"]
[Board "5"]
[White "Titz, Heimo"]
[Black "Trauner, Rudolf"]
[Result "0-1"]
[WhiteElo "2225"]
[BlackElo "2222"]
[PlyCount "110"]
[EventDate "2010.10.16"]
[EventType "team"]
[EventRounds "11"]
[EventCountry "AUT"]
[WhiteTeam "SC Die Klagenfurter"]
[BlackTeam "ASK St. Valentin"]

1.d4 e6 2.c4 Nf6 3.Nc3 Bb4 4.Qc2 c5 5.dxc5 O-O 6.a3 Bxc5 7.Nf3 Be7 8.Bg5 a6 9.e3
d6 10.Be2 Qc7 11.O-O Nbd7 12.Rfd1 b6 13.Rac1 Bb7 14.b4 Rac8 15.Qb1 Qb8 16.Nd2
Rfd8 17.Bf4 Qa8 18.e4 h6 19.Be3 Bc6 20.f3 Rb8 21.Nb3 d5 22.cxd5 exd5 23.Nd4 Bb7
24.Nf5 Bf8 25.exd5 Bxd5 26.Nxd5 Nxd5 27.Bd4 N7f6 28.Qb2 Ne8 29.Bd3 Qa7 30.Be4
Ne7 31.Ng3 Rbc8 32.Qf2 Rxc1 33.Rxc1 Nc8 34.Rc6 a5 35.Bxb6 Nxb6 36.Qxb6 Qxb6+
37.Rxb6 axb4 38.axb4 Nf6 39.Kf1 Rd2 40.Rb8 Rb2 41.b5 Nd7 42.Rd8 Nb6 43.Bd3 g6
44.Ne4 Kg7 45.Nd6 Be7 46.Rb8 Nd5 47.Nc4 Rb3 48.Be4 Nc3 49.Rb7 Kf6 50.Nb6 Rxb5
51.Nd5+ Rxd5 52.Bxd5 Nxd5 53.g3 h5 54.h4 Bd6 55.f4 Ke6 0-1

[Event "2. Bundesliga Mitte 2010/11"]
[Site "Wolfsberg"]
[Date "2011.04.09"]
[Round "10"]
[Board "6"]
[White "Heimberger, Reinhard"]
[Black "Wertjanz, David"]
[Result "1-0"]
[WhiteElo "2302"]
[BlackElo "2209"]
[PlyCount "75"]
[EventDate "2010.10.16"]
[EventType "team"]
[EventRounds "11"]
[EventCountry "AUT"]
[WhiteTeam "ASK St. Valentin"]
[BlackTeam "SC Die Klagenfurter"]

1.c4 Nf6 2.Nc3 e5 3.e4 Bc5 4.g3 O-O 5.Bg2 a5 6.Nf3 Nc6 7.O-O d6 8.d3 h6 9.h3 Nd4
10.Kh2 Nxf3+ 11.Qxf3 Be6 12.g4 Qd7 13.Nd5 Nh7 14.Qg3 c6 15.Ne3 Bxe3 16.Bxe3 f6
17.f4 exf4 18.Bxf4 Rad8 19.Rac1 d5 20.exd5 cxd5 21.c5 Qa4 22.Rfe1 Rfe8 23.Bc7
Rd7 24.a3 Qb3 25.Re2 Bf7 26.Rce1 Rxe2 27.Rxe2 Bg6 28.Bxa5 Qxd3 29.Qb8+ Nf8
30.Rd2 Qc4 31.Bb4 Be4 32.b3 Qc1 33.Bxe4 Re7 34.Bxd5+ Kh7 35.Qxf8 Qe1 36.Bg8+ Kg6
37.Bf7+ Rxf7 38.Qxf7+ 1-0

[Event "2. Bundesliga Mitte 2010/11"]
[Site "Wolfsberg"]
[Date "2011.04.09"]
[Round "10"]
[Board "1"]
[White "Tratar, Marko"]
[Black "Renner, Christoph"]
[Result "1-0"]
[WhiteElo "2475"]
[BlackElo "2420"]
[PlyCount "79"]
[EventDate "2010.10.16"]
[EventType "team"]
[EventRounds "11"]
[EventCountry "AUT"]
[WhiteTeam "SK MPOE Maria Saal"]
[BlackTeam "SPG Sauwald 1"]

1.d4 f5 2.g3 Nf6 3.Bg2 g6 4.Nf3 Bg7 5.b3 O-O 6.Bb2 d6 7.O-O Ne4 8.Nbd2 Nc6 9.Ne1
Ng5 10.f4 Nf7 11.Nc4 e6 12.a4 Bd7 13.e3 a5 14.Nd3 Ra7 15.Qd2 b6 16.Na3 Ra8
17.Nb5 Re8 18.c4 e5 19.dxe5 dxe5 20.Nxe5 Bxe5 21.fxe5 Rc8 22.e6 Rxe6 23.Rad1
Nce5 24.e4 Bxb5 25.Qxd8+ Rxd8 26.Rxd8+ Nxd8 27.exf5 gxf5 28.axb5 Nd3 29.Bc3 Kf8
30.Bd5 Rg6 31.Be4 Rd6 32.Bxf5 Ke7 33.Bxh7 Ne6 34.Bf6+ Kd7 35.Bf5 Ndc5 36.Rf3 Rd2
37.h4 Kd6 38.h5 Nd7 39.Bxe6 Kxe6 40.Bc3 1-0

[Event "2. Bundesliga Mitte 2010/11"]
[Site "Wolfsberg"]
[Date "2011.04.09"]
[Round "10"]
[Board "2"]
[White "Testor, Sebastian"]
[Black "Schachinger, Mario"]
[Result "0-1"]
[WhiteElo "2365"]
[BlackElo "2356"]
[PlyCount "74"]
[EventDate "2010.10.16"]
[EventType "team"]
[EventRounds "11"]
[EventCountry "AUT"]
[WhiteTeam "SPG Sauwald 1"]
[BlackTeam "SK MPOE Maria Saal"]

1.d4 d5 2.c4 c6 3.Nf3 Nf6 4.e3 Bf5 5.Nc3 e6 6.Nh4 Be4 7.f3 Bg6 8.Qb3 Qc7 9.Bd2
Be7 10.O-O-O dxc4 11.Bxc4 b5 12.Be2 a6 13.Nxg6 hxg6 14.g3 c5 15.dxc5 Nbd7 16.Kb1
Nxc5 17.Qc2 O-O 18.e4 Rfc8 19.Rc1 Qb7 20.Qd1 b4 21.Na4 Nxa4 22.Qxa4 Nxe4 23.Be3
Nc3+ 24.bxc3 bxc3+ 25.Qb3 Qc6 26.Bf4 Ra7 27.Ka1 Rb7 28.Qc2 Ba3 29.Rhd1 Bb2+
30.Kb1 Ba3+ 31.Ka1 Bb2+ 32.Kb1 Qc5 33.Rd3 Qa3 34.Rcd1 Bc1+ 35.Ka1 Qb2+ 36.Qxb2
Bxb2+ 37.Kb1 c2# 0-1

[Event "2. Bundesliga Mitte 2010/11"]
[Site "Wolfsberg"]
[Date "2011.04.09"]
[Round "10"]
[Board "3"]
[White "Horvath, Gabor"]
[Black "Taggatz, Mario"]
[Result "1/2-1/2"]
[WhiteElo "2306"]
[BlackElo "2331"]
[PlyCount "75"]
[EventDate "2010.10.16"]
[EventType "team"]
[EventRounds "11"]
[EventCountry "AUT"]
[WhiteTeam "SK MPOE Maria Saal"]
[BlackTeam "SPG Sauwald 1"]

1.e4 c6 2.d3 d5 3.Nd2 e5 4.Ngf3 Bd6 5.g3 Nf6 6.Bg2 O-O 7.O-O Qc7 8.Re1 Rd8 9.Qe2
dxe4 10.Nxe4 Nxe4 11.Qxe4 Nd7 12.Bg5 f6 13.Qc4+ Kh8 14.Bd2 Nf8 15.d4 Be6 16.Qa4
exd4 17.Nxd4 Bd7 18.Qb3 Re8 19.Rad1 Rxe1+ 20.Rxe1 Re8 21.Be3 Bc8 22.Rd1 Bc5
23.Qc4 Bb6 24.Bf3 Ne6 25.c3 Nxd4 26.Bxd4 Be6 27.Qa4 Rd8 28.a3 Bxd4 29.Rxd4 Rxd4
30.Qxd4 a6 31.h4 Qd7 32.Qf4 Kg8 33.h5 h6 34.Qb8+ Qc8 35.Qd6 Qd7 36.Qb8+ Qc8
37.Qd6 Qd7 38.Qb8+ 1/2-1/2

[Event "2. Bundesliga Mitte 2010/11"]
[Site "Wolfsberg"]
[Date "2011.04.09"]
[Round "10"]
[Board "4"]
[White "Hiermann, Dietmar"]
[Black "Ertl, Johann"]
[Result "1/2-1/2"]
[WhiteElo "2287"]
[BlackElo "2280"]
[PlyCount "89"]
[EventDate "2010.10.16"]
[EventType "team"]
[EventRounds "11"]
[EventCountry "AUT"]
[WhiteTeam "SPG Sauwald 1"]
[BlackTeam "SK MPOE Maria Saal"]

1.e4 e6 2.d4 d5 3.Nd2 Nf6 4.e5 Nfd7 5.Bd3 c5 6.c3 Nc6 7.Ne2 cxd4 8.cxd4 f6
9.exf6 Nxf6 10.Nf3 Bd6 11.O-O Qc7 12.Bg5 O-O 13.Bh4 e5 14.dxe5 Nxe5 15.Nxe5 Bxe5
16.Bg3 Bxg3 17.hxg3 Qb6 18.Qb3 Qxb3 19.axb3 Bd7 20.f3 Rfc8 21.g4 h6 22.b4 a6
23.Nd4 Kf7 24.Kf2 Ke7 25.Rfd1 Kd6 26.Rd2 Ng8 27.Ne2 Ne7 28.Nc3 Be6 29.Rad1 Nc6
30.b5 Nb4 31.bxa6 bxa6 32.Bf5 Rab8 33.Kg3 Rd8 34.Bxe6 Kxe6 35.Ne2 Kf6 36.Nf4 Kf7
37.Rc1 Rb7 38.Rc5 Rdd7 39.Ra5 Rd8 40.b3 Rd6 41.Ra4 d4 42.Nd3 Nxd3 43.Rxd3 Rb5
44.f4 Rdb6 45.Raxd4 1/2-1/2

[Event "2. Bundesliga Mitte 2010/11"]
[Site "Wolfsberg"]
[Date "2011.04.09"]
[Round "10"]
[Board "5"]
[White "Reschun, Sascha"]
[Black "Kirschner, Alexander"]
[Result "1-0"]
[WhiteElo "2255"]
[BlackElo "2260"]
[PlyCount "67"]
[EventDate "2010.10.16"]
[EventType "team"]
[EventRounds "11"]
[EventCountry "AUT"]
[WhiteTeam "SK MPOE Maria Saal"]
[BlackTeam "SPG Sauwald 1"]

1.e4 e6 2.d4 d5 3.e5 c5 4.c3 Nc6 5.Nf3 Bd7 6.Be2 Nge7 7.O-O cxd4 8.cxd4 Nf5 9.b3
Qb6 10.Bb2 Be7 11.Kh1 h5 12.Nc3 Qd8 13.Rc1 g5 14.Bd3 g4 15.Bxf5 exf5 16.Nxd5
gxf3 17.Qxf3 Be6 18.Nf4 Bg5 19.Rcd1 Bxf4 20.d5 Bxe5 21.dxc6 Qc7 22.cxb7 Rd8
23.Rxd8+ Kxd8 24.Bxe5 Qxe5 25.Qe3 Qb8 26.Rc1 Rg8 27.Qd4+ Ke7 28.Qh4+ Kd7 29.Rd1+
Kc6 30.Qe7 Qf4 31.b4 a6 32.a4 Bb3 33.Qc5+ Kxb7 34.Rd7+ 1-0

[Event "2. Bundesliga Mitte 2010/11"]
[Site "Wolfsberg"]
[Date "2011.04.09"]
[Round "10"]
[Board "6"]
[White "Niederwieser, Peter"]
[Black "Eichert, Wolfgang"]
[Result "1/2-1/2"]
[WhiteElo "2194"]
[BlackElo "2155"]
[PlyCount "60"]
[EventDate "2010.10.16"]
[EventType "team"]
[EventRounds "11"]
[EventCountry "AUT"]
[WhiteTeam "SPG Sauwald 1"]
[BlackTeam "SK MPOE Maria Saal"]

1.d4 Nf6 2.c4 g6 3.Nc3 Bg7 4.e4 d6 5.Nf3 O-O 6.Be2 e5 7.O-O Nc6 8.d5 Ne7 9.Nd2
a5 10.a3 Nd7 11.Rb1 f5 12.b4 Kh8 13.Qc2 Ng8 14.Bd3 Ndf6 15.c5 Bh6 16.cxd6 cxd6
17.f3 Be3+ 18.Kh1 Nh5 19.Nc4 Bxc1 20.Rbxc1 axb4 21.axb4 Nf4 22.Nb5 Ra6 23.Ra1
Rf6 24.Rfd1 Nh6 25.Rxa6 bxa6 26.Nbxd6 Bd7 27.Qc3 Ba4 28.Ra1 Nxd3 29.Qxd3 Bd7
30.Qd2 Qf8 1/2-1/2

[Event "2. Bundesliga Mitte 2010/11"]
[Site "Wolfsberg"]
[Date "2011.04.09"]
[Round "10"]
[Board "1"]
[White "Weiss, Christian"]
[Black "Karner, Christoph"]
[Result "1/2-1/2"]
[WhiteElo "2417"]
[BlackElo "2322"]
[PlyCount "101"]
[EventDate "2010.10.16"]
[EventType "team"]
[EventRounds "11"]
[EventCountry "AUT"]
[WhiteTeam "Union Ansfelden"]
[BlackTeam "ESV Austria Graz"]

1.d4 Nf6 2.g3 g6 3.Bg2 Bg7 4.e4 d6 5.Nc3 O-O 6.Nge2 Nbd7 7.O-O e5 8.h3 Re8 9.Re1
a5 10.a4 exd4 11.Nxd4 Nc5 12.Ndb5 Bd7 13.f3 Qc8 14.g4 h5 15.Be3 hxg4 16.hxg4 Qd8
17.Qd2 Nh7 18.Red1 Ne6 19.Rab1 Rc8 20.Nd5 Qh4 21.Bf2 Qh6 22.Qxh6 Bxh6 23.Ndxc7
Rxc7 24.Nxc7 Nxc7 25.b3 Bf4 26.Bb6 Ne6 27.Bxa5 Nhg5 28.c4 Nd4 29.Rd3 Nge6 30.Kf2
Be5 31.Bc3 Bc8 32.a5 Nc6 33.b4 Nf4 34.Re3 Be6 35.Bf1 Rc8 36.Bxe5 Nxe5 37.Rc3 Kf8
38.Ke3 g5 39.c5 dxc5 40.Rxc5 Rxc5 41.bxc5 Nc6 42.Rxb7 Nxa5 43.Ra7 Nc6 44.Ra8+
Ke7 45.Bb5 Bd7 46.Bxc6 Bxc6 47.Ra7+ Ke6 48.Rc7 Bb5 49.Ra7 Ng6 50.Ra8 f6 51.Rb8 1/2-1/2

[Event "2. Bundesliga Mitte 2010/11"]
[Site "Wolfsberg"]
[Date "2011.04.09"]
[Round "10"]
[Board "2"]
[White "Kotz, Heinz Peter"]
[Black "Ennsberger, Ulrich"]
[Result "1/2-1/2"]
[WhiteElo "2330"]
[BlackElo "2365"]
[PlyCount "94"]
[EventDate "2010.10.16"]
[EventType "team"]
[EventRounds "11"]
[EventCountry "AUT"]
[WhiteTeam "ESV Austria Graz"]
[BlackTeam "Union Ansfelden"]

1.e4 c5 2.Nf3 Nc6 3.d4 cxd4 4.Nxd4 Nf6 5.Nc3 Qb6 6.Nb3 e6 7.Be3 Qc7 8.f4 Bb4
9.Bd3 d5 10.e5 Ne4 11.Bxe4 dxe4 12.O-O Bxc3 13.bxc3 b6 14.Nd2 Ba6 15.Rf2 O-O-O
16.Qe1 Ne7 17.c4 Bxc4 18.a4 Qc6 19.Ra3 Kb7 20.Rc3 Rxd2 21.Rxd2 Nd5 22.Ra3 f5
23.a5 b5 24.a6+ Ka8 25.Qh4 Rc8 26.Qf2 Qc7 27.h3 h6 28.g4 Qe7 29.Ra1 g6 30.Kh2
Kb8 31.gxf5 gxf5 32.Rg1 b4 33.Rd4 Bxa6 34.Ra1 Rc6 35.Rg1 Qc7 36.Rg2 Bb5 37.Qd2
Nxe3 38.Qxe3 a5 39.Qd2 Rc3 40.Rd6 Kb7 41.Rxe6 e3 42.Qd5+ Bc6 43.Rxc6 Rxc6 44.Rg6
Kb6 45.Qd4+ Kb7 46.Qd5 Kb6 47.Qd4+ Kb7 1/2-1/2

[Event "2. Bundesliga Mitte 2010/11"]
[Site "Wolfsberg"]
[Date "2011.04.09"]
[Round "10"]
[Board "3"]
[White "Knoll, Hermann"]
[Black "Fahrner, Kurt"]
[Result "1-0"]
[WhiteElo "2382"]
[BlackElo "2314"]
[PlyCount "75"]
[EventDate "2010.10.16"]
[EventType "team"]
[EventRounds "11"]
[EventCountry "AUT"]
[WhiteTeam "Union Ansfelden"]
[BlackTeam "ESV Austria Graz"]

1.d4 g6 2.e4 Bg7 3.Nc3 d6 4.Be3 a6 5.Qd2 Nd7 6.Bd3 c5 7.Nf3 b5 8.a4 b4 9.Ne2
Ngf6 10.h3 O-O 11.Ng3 cxd4 12.Nxd4 Bb7 13.Qxb4 Rb8 14.Qd2 d5 15.exd5 Nxd5 16.O-O
Qb6 17.c3 Nxe3 18.fxe3 e5 19.a5 Qd6 20.Ndf5 gxf5 21.Nxf5 Qf6 22.Nd6 Qh6 23.Rxf7
Rxf7 24.Bc4 Nf6 25.Nxf7 Qh4 26.Nd6+ Kh8 27.Rf1 h5 28.b3 Ne4 29.Nf7+ Kh7 30.Qd7
Qg3 31.Rf3 Nf6 32.Bd3+ e4 33.Qe6 Qe1+ 34.Kh2 Bc8 35.Bxe4+ Nxe4 36.Qxe4+ Kg8
37.Ng5 Bf5 38.Qxf5 1-0

[Event "2. Bundesliga Mitte 2010/11"]
[Site "Wolfsberg"]
[Date "2011.04.09"]
[Round "10"]
[Board "4"]
[White "Aschenbrenner, Robert"]
[Black "Felsberger, Alfred"]
[Result "0-1"]
[WhiteElo "2229"]
[BlackElo "2370"]
[PlyCount "78"]
[EventDate "2010.10.16"]
[EventType "team"]
[EventRounds "11"]
[EventCountry "AUT"]
[WhiteTeam "ESV Austria Graz"]
[BlackTeam "Union Ansfelden"]

1.d4 Nf6 2.Nf3 e6 3.e3 c5 4.Bd3 d5 5.b3 Nc6 6.O-O Be7 7.Bb2 O-O 8.Nbd2 Bd7 9.a3
a6 10.dxc5 Bxc5 11.c4 Rc8 12.Rc1 Bd6 13.Bb1 Qe7 14.c5 Bb8 15.e4 Nxe4 16.Nxe4
dxe4 17.Bxe4 Rfd8 18.Qc2 f5 19.Bd3 Bf4 20.Rce1 Qf8 21.b4 Kh8 22.Bc4 Re8 23.Qb3
Nd8 24.Ne5 Bxe5 25.Rxe5 Nc6 26.Re3 e5 27.Rd1 f4 28.Rxd7 fxe3 29.Qxe3 Re7 30.Rd6
Rd8 31.Qh3 Ree8 32.Bd3 h6 33.Bg6 Rxd6 34.cxd6 Qxd6 35.Qg4 Rd8 36.h3 Qd1+ 37.Kh2
Qxg4 38.hxg4 Rd2 39.Bc3 Rxf2 0-1

[Event "2. Bundesliga Mitte 2010/11"]
[Site "Wolfsberg"]
[Date "2011.04.09"]
[Round "10"]
[Board "5"]
[White "Moser, Guenter"]
[Black "Pfaffel, Thomas"]
[Result "1-0"]
[WhiteElo "2355"]
[BlackElo "2193"]
[PlyCount "103"]
[EventDate "2010.10.16"]
[EventType "team"]
[EventRounds "11"]
[EventCountry "AUT"]
[WhiteTeam "Union Ansfelden"]
[BlackTeam "ESV Austria Graz"]

1.d4 Nf6 2.c4 e6 3.Nf3 b6 4.a3 Bb7 5.Nc3 d5 6.cxd5 Nxd5 7.Qc2 Nxc3 8.bxc3 Be7
9.e4 Nd7 10.Bd3 c5 11.O-O O-O 12.Re1 cxd4 13.cxd4 Rc8 14.Qe2 Qc7 15.Bb2 Rfd8
16.Rad1 Bf6 17.Rd2 Nf8 18.g3 Qb8 19.h4 Qa8 20.Qe3 a5 21.Nh2 Bc6 22.Ng4 Be7
23.Ne5 Ba4 24.h5 b5 25.d5 b4 26.h6 bxa3 27.Ba1 f6 28.hxg7 Kxg7 29.Ng4 e5 30.Qh6+
Kf7 31.Qh5+ Kg8 32.Nh6+ Kh8 33.Qf7 Ng6 34.Nf5 Rg8 35.Nxe7 Rcf8 36.Nxg6+ Rxg6
37.Qe7 Qc8 38.Bf1 Rfg8 39.Rd3 Bb5 40.Rc3 Qa6 41.Rc6 Bxf1 42.Rxa6 Bxa6 43.Qxa3 h5
44.Qxa5 Bc8 45.Re3 h4 46.d6 Kh7 47.Bc3 Be6 48.Be1 R8g7 49.Rc3 hxg3 50.Rxg3 Rxg3+
51.fxg3 Rg4 52.Qd8 1-0

[Event "2. Bundesliga Mitte 2010/11"]
[Site "Wolfsberg"]
[Date "2011.04.09"]
[Round "10"]
[Board "6"]
[White "Spindelboeck, Gernot"]
[Black "Hellmayr, Alois"]
[Result "1-0"]
[WhiteElo "2224"]
[BlackElo "2235"]
[PlyCount "109"]
[EventDate "2010.10.16"]
[EventType "team"]
[EventRounds "11"]
[EventCountry "AUT"]
[WhiteTeam "ESV Austria Graz"]
[BlackTeam "Union Ansfelden"]

1.d4 Nf6 2.c4 e6 3.g3 Bb4+ 4.Bd2 Bxd2+ 5.Qxd2 d6 6.Bg2 Qe7 7.Nf3 O-O 8.O-O e5
9.Nc3 Re8 10.e3 h6 11.Qc2 e4 12.Nd2 Bf5 13.Nd5 Nxd5 14.cxd5 Bg6 15.Rac1 c6
16.Qb3 cxd5 17.Qxd5 Nc6 18.a3 Rad8 19.b4 a6 20.Rb1 Kh8 21.b5 axb5 22.Rxb5 Ra8
23.Rfb1 Ra7 24.a4 f6 25.a5 Bh7 26.h4 Bg6 27.h5 Bh7 28.Kh2 f5 29.Kg1 Rf8 30.Qa2
Bg8 31.Qa3 Rfa8 32.Rxf5 Rxa5 33.Rxa5 Rxa5 34.Qb2 Rxh5 35.Bxe4 Nd8 36.Bf3 Ra5
37.Ra1 Qc7 38.Rc1 Qd7 39.Qc3 Ra2 40.Kg2 Qf7 41.Ne4 d5 42.Nd6 Qe7 43.Qb3 Ra6
44.Nb5 Rc6 45.Nc3 Qd7 46.Rb1 Ne6 47.Kg1 Ng5 48.Bg2 Nh3+ 49.Bxh3 Qxh3 50.Nxd5 Qf5
51.Ne7 Bxb3 52.Nxf5 Bc2 53.d5 Rc7 54.Rc1 Rf7 55.Nxh6 1-0

[Event "2. Bundesliga Mitte 2010/11"]
[Site "Wolfsberg"]
[Date "2011.04.09"]
[Round "10"]
[Board "1"]
[White "Nemeth, Miklos"]
[Black "Horvath, Adam"]
[Result "1-0"]
[WhiteElo "2454"]
[BlackElo "2493"]
[PlyCount "57"]
[EventDate "2010.10.16"]
[EventType "team"]
[EventRounds "11"]
[EventCountry "AUT"]
[WhiteTeam "SV Steyregg"]
[BlackTeam "RbEJ Gleisdorf"]

1.e4 c5 2.Nf3 Nc6 3.d4 cxd4 4.Nxd4 Qc7 5.Nb5 Qb8 6.c4 Nf6 7.N5c3 e6 8.g3 h5
9.Bf4 Ne5 10.Nd2 b6 11.Qe2 Bb4 12.Rc1 Bb7 13.Bg2 h4 14.Nf3 Nxf3+ 15.Bxf3 Bd6
16.Bg5 hxg3 17.hxg3 Rxh1+ 18.Bxh1 Bxg3 19.Bxf6 Bf4 20.Bxg7 Bxc1 21.e5 Kd8 22.Nb5
Bxh1 23.Qh5 Kc8 24.Qh8+ Kb7 25.Qxh1+ Ka6 26.Nd6 Bxb2 27.Qf3 b5 28.cxb5+ Kb6
29.Qe3+ 1-0

[Event "2. Bundesliga Mitte 2010/11"]
[Site "Wolfsberg"]
[Date "2011.04.09"]
[Round "10"]
[Board "2"]
[White "Horvath, Tamas"]
[Black "Gergacz, Attila"]
[Result "0-1"]
[WhiteElo "2414"]
[BlackElo "2425"]
[PlyCount "92"]
[EventDate "2010.10.16"]
[EventType "team"]
[EventRounds "11"]
[EventCountry "AUT"]
[WhiteTeam "RbEJ Gleisdorf"]
[BlackTeam "SV Steyregg"]

1.e4 e6 2.d4 d5 3.Nd2 Nf6 4.Bd3 c5 5.e5 Nfd7 6.c3 Nc6 7.Ndf3 cxd4 8.cxd4 f6
9.exf6 Nxf6 10.Nh3 Bb4+ 11.Bd2 O-O 12.O-O Bxd2 13.Qxd2 e5 14.dxe5 Nh5 15.e6 Rxf3
16.gxf3 Ne5 17.Kh1 Nxd3 18.Qxd3 Bxe6 19.f4 Qd7 20.Ng5 Bf5 21.Qf3 Nf6 22.Qb3 Rf8
23.Rae1 h6 24.Nf3 Be4 25.Rxe4 Nxe4 26.Ne5 Qe6 27.Qe3 Qf5 28.f3 Qxf4 29.Qxf4 Rxf4
30.Ng6 Rf7 31.Rc1 Kh7 32.fxe4 Kxg6 33.exd5 Rd7 34.Rc5 Kf5 35.a4 b6 36.Rc6 Ke5
37.b4 Kxd5 38.b5 Re7 39.Kg2 Re2+ 40.Kf3 Ra2 41.Rc7 Ra3+ 42.Kg2 Rxa4 43.Rxg7 Kc5
44.Rh7 Kxb5 45.Rxh6 a5 46.h4 Rc4 0-1

[Event "2. Bundesliga Mitte 2010/11"]
[Site "Wolfsberg"]
[Date "2011.04.09"]
[Round "10"]
[Board "3"]
[White "Webersberger, Johann"]
[Black "Abel, Dennes"]
[Result "1/2-1/2"]
[WhiteElo "2368"]
[BlackElo "2394"]
[PlyCount "82"]
[EventDate "2010.10.16"]
[EventType "team"]
[EventRounds "11"]
[EventCountry "AUT"]
[WhiteTeam "SV Steyregg"]
[BlackTeam "RbEJ Gleisdorf"]

1.Nf3 Nf6 2.g3 b5 3.Bg2 Bb7 4.d3 e6 5.O-O Be7 6.b3 b4 7.c4 bxc3 8.Nxc3 c5 9.Bb2
d6 10.d4 Nbd7 11.e4 Nxe4 12.Nxe4 Bxe4 13.dxc5 Nxc5 14.Bxg7 Rg8 15.Bd4 Nd7 16.Re1
Bg6 17.Qe2 Bf6 18.Bxf6 Nxf6 19.Nd4 d5 20.Qb5+ Qd7 21.Nxe6 Qxb5 22.Nc7+ Kd7
23.Nxb5 Rge8 24.Red1 Be4 25.f3 Bf5 26.f4 Bg4 27.Rd2 Rad8 28.Nc3 Kc6 29.Nxd5 Rxd5
30.Rc1+ Kd6 31.Bxd5 Nxd5 32.Rc4 Bd7 33.Kf2 f5 34.Rcd4 Bc6 35.Re2 Rxe2+ 36.Kxe2
Bb5+ 37.Kf3 Kc5 38.Rd2 Bc6 39.Rc2+ Kd6 40.Rd2 Kc5 41.Rc2+ Kd6 1/2-1/2